|
|
|
|
| LEADER |
00000cam a2200000 a 4500 |
| 001 |
vtls001485889 |
| 003 |
SK-MaSNL |
| 005 |
20260301122336.0 |
| 008 |
240313s1902 xo a 00000 hun |
| 015 |
|
|
|a SNBA1902
|
| 035 |
|
|
|a SNK000441182
|
| 040 |
|
|
|a SNK
|b slo
|c SNK
|e AACR2
|
| 041 |
0 |
|
|a hun
|
| 044 |
|
|
|a xo
|c SK
|
| 072 |
|
7 |
|a 821.511.1
|x Ugrofínske literatúry
|2 konspekt
|
| 080 |
|
|
|a 821.511.141
|2 2011
|
| 080 |
|
|
|a (075.2)
|2 2011
|
| 100 |
1 |
|
|a Schultz, Imre,
|d 1848-1905
|4 aut
|9 419068
|
| 245 |
1 |
0 |
|a Magyar Olvasókönyv Állami És Községi Népiskolák Számára
|b A Második Évfolyam Számára
|c Négy Részben Irta Schultz Imre
|
| 260 |
|
|
|a Pozsony
|a Budapest
|b Kiadja Stampfel Károly, cs. és kir. udvari és kir. akad. könyvkereskedő
|c 1902
|e Pozsony
|f Eder István könyvnyodájábal
|
| 300 |
|
|
|a 103 s.
|b il.
|c 21 cm
|
| 500 |
|
|
|a Il. v texte
|
| 550 |
|
|
|a Tlačiar uvedený na rube titulného listu
|
| 650 |
0 |
7 |
|a maďarská literatúra
|2 SNKPH
|9 1193
|
| 655 |
|
7 |
|a čítanky
|2 SNKPH
|9 60817
|
| 700 |
1 |
|
|a Stampfel, Karol,
|d 1856-1938
|4 pbl
|9 174791
|
| 710 |
0 |
|
|a Eder, Štefan (Bratislava, Slovensko),
|d 1887-1934
|4 prt
|9 159161
|
| 752 |
|
|
|a Slovensko
|d Bratislava
|
| 752 |
|
|
|a Maďarsko
|d Budapešť
|
| 852 |
|
|
|a SNK
|p SD 10955
|
| 999 |
|
|
|c 732549
|d 734479
|
| 952 |
|
|
|a SNK
|b SNK
|y VYP
|7 0
|p 17A1187683
|o snkSD 10955 D1
|i snkF 2422/65
|8 5
|0 0
|1 0
|4 0
|d 2017-05-11
|l 0
|r 2026-02-23 22:34:12
|w 2026-02-23
|
| 952 |
|
|
|t P60, <03>, [BOOK], {603}
|a SNK
|b SNK
|y PREZ
|7 0
|p 17A0452707
|o snkSD 10955
|i snkKSF 204/1956
|8 5
|0 0
|1 0
|4 0
|d 2004-11-23
|l 0
|r 2025-11-25 00:00:00
|w 2026-02-23
|